[Event "Stay Safe Play From Home"]
[Site "T#646156Emanuel Laske"]
[Date "2020.05.18"]
[Round "5"]
[White "UHU4"]
[Black "Greblah"]
[Result "0-1"]
[WhiteElo "1497"]
[BlackElo "1843"]
[Annotator "NA RC"]
[PlyCount "56"]
[EventDate "2020.05.18"]
[EventType "swiss (blitz)"]

1. e4 {[%emt 0:00:02]} c6 {[%emt 0:00:00]} 2. d4 {[%emt 0:00:01]} d5 {[%emt 0:00:00]} 3. exd5 {[%emt 0:00:01]} cxd5 {[%emt 0:00:01]} 4. Bd3 {[%emt 0:00:01]} Nc6 {[%emt 0:00:01]} 5. Nf3 {[%emt 0:00:01]} g6 {[%emt 0:00:01]} 6. c3 {[%emt 0:00:01]} Bg7 {[%emt 0:00:01]} 7. O-O {[%emt 0:00:01]} Nh6 {[%emt 0:00:00]} 8. Be3 {[%emt 0:00:01]} O-O {[%emt 0:00:00]} 9. Qd2 {[%emt 0:00:01]} Nf5 {[%emt 0:00:01]} 10. Bxf5 {[%emt 0:00:01]} Bxf5 {[%emt 0:00:02]} 11. Na3 {[%emt 0:00:00]} a6 {[%emt 0:00:03]} 12. Nc2 {[%emt 0:00:01]} b5 {[%emt 0:00:01]} 13. Nh4 {[%emt 0:00:03]} Bxc2 {[%emt 0:00:01]} 14. Qxc2 {[%emt 0:00:01]} e6 {[%emt 0:00:00]} 15. Qd2 {[%emt 0:00:02]} Rc8 {[%emt 0:00:01]} 16. Nf3 {[%emt 0:00:02]} Na5 {[%emt 0:00:02]} 17. Bh6 {[%emt 0:00:02]} Nc4 {[%emt 0:00:01]} 18. Qc1 {[%emt 0:00:01]} Bxh6 {[%emt 0:00:02]} 19. Qxh6 {[%emt 0:00:01]} Qf6 {[%emt 0:00:00]} 20. b3 {[%emt 0:00:02]} Nd6 {[%emt 0:00:02]} 21. Ne5 {[%emt 0:00:02]} Rc7 {[%emt 0:00:02]} 22. f4 {[%emt 0:00:01]} Ne4 {[%emt 0:00:02]} 23. Rac1 {[%emt 0:00:05]} Rxc3 {[%emt 0:00:01]} 24. Rxc3 {[%emt 0:00:01]} Nxc3 {[%emt 0:00:02]} 25. Nd7 {[%emt 0:00:01]} Qg7 {[%emt 0:00:02]} 26. Qxg7+ {[%emt 0:00:01]} Kxg7 {[%emt 0:00:01]} 27. Nxf8 {[%emt 0:00:01]} Kxf8 {[%emt 0:00:01]} 28. Rc1 {[%emt 0:00:01]} Ne2+ {[%emt 0:00:01] UHU4 rinde (Lag: Av=0.39s, max=0.7s)} 0-1

[Event "Stay Safe Play From Home"]
[Site "T#646156Emanuel Laske"]
[Date "2020.05.18"]
[Round "6"]
[White "Mepe_Nika"]
[Black "Lamborghini"]
[Result "0-1"]
[WhiteElo "2323"]
[BlackElo "2302"]
[Annotator "TA"]
[PlyCount "90"]
[EventDate "2020.05.18"]
[EventType "swiss (blitz)"]

{[%evp 10,90,6,0,8,-8,0,-25,-12,-17,-14,-24,17,-89,-77,-81,-15,-14,19,10,1,31,25,25,53,-41,12,15,104,70,227,21,88,77,181,183,155,143,139,25,116,60,48,36,98,45,693,211,218,217,395,30,20,18,44,0,387,389,997,463,443,83,84,84,84,-71,186,0,12835,12835,12836,12835,12824,-29978,-29979,-29979,-29980,-29980,-29981,-29980,-29981,-29981,-29977]} 1. c4 g6 2. Nc3 Bg7 3. g3 c5 4. Bg2 Nc6 5. d3 d6 6. Bd2 Bd7 {A36: Symmetrical English vs ...g6: 4 Bg2 Bg7.} 7. Qc1 {[#]} h5 $146 ({Predecessor:} 7... Qc8 8. Rb1 h5 9. h4 Rb8 10. a3 Nd4 11. b4 Bc6 12. e4 cxb4 13. axb4 b5 14. cxb5 Nxb5 15. Nxb5 Bxb5 {0-1 (31) Krawinkel,H-Josting,F Merano 2002}) 8. h4 Rc8 {Black has an edge.} 9. a3 a6 10. Rb1 b5 11. b4 (11. cxb5 $11 axb5 12. Nxb5) 11... cxb4 $17 12. axb4 Nd4 ({Black should play} 12... bxc4 $17 13. dxc4 Ne5) 13. e3 $11 Nf5 14. Nge2 bxc4 15. dxc4 Rxc4 16. Qa3 $1 {[%cal Ra3a6]} Nf6 17. O-O (17. Qxa6 $14 Qc7 18. b5) 17... O-O ({Better is} 17... Qc8 $1 $15) 18. Qxa6 Qc7 (18... Qc8 $11 19. b5 d5) 19. Rfc1 Rc8 $2 (19... Bc8 $14 20. Qa5 Bb7) 20. Nb5 $2 ({White has to play} 20. b5 $1 $18 {[%cal Rb5b6]} Qd8 21. b6) 20... Bxb5 (20... Qb8 $11 21. Na7 Rxc1+ 22. Rxc1 Rxc1+ 23. Nxc1 d5) 21. Qxb5 $16 Rxc1+ (21... d5 $16) 22. Rxc1 $18 Qd8 23. Rxc8 $1 Qxc8 {[#]} 24. Qa4 (24. Qc6 $1 $16 {[%cal Rc6c8]} Qxc6 25. Bxc6) 24... Qc4 (24... e6 $11 {remains equal.}) 25. Bf1 (25. Nc3 $16) 25... Qd5 $14 26. Qc2 Ne4 (26... Qe4 $14 27. Qxe4 Nxe4) 27. Be1 ({White should try} 27. Nf4 $16 Qxd2 28. Qxe4) 27... g5 $2 {[%mdl 8192]} (27... Nexg3 $14 28. fxg3 Nxe3) 28. hxg5 $2 (28. Bg2) 28... Nxg5 $18 {[#] Strongly threatening ...Nf3+.} 29. Bg2 $1 {[%cal Rg2d5]} Nf3+ $2 (29... Qe5 30. Qc8+ Bf8) 30. Bxf3 $2 (30. Kh1 $18) 30... Qxf3 $11 31. b5 {[%cal Bb4b5,Bb5b6][%mdl 32] b6 is the strong threat.} h4 32. b6 h3 $2 {[%mdl 8192]} (32... Be5 $11 33. Qc8+ Kg7) 33. Nf4 $18 e5 $2 (33... e6 34. Qc8+ Kh7) 34. Qc8+ ({Weaker is} 34. Qxf5 exf4 35. Qc8+ (35. Qxh3 Qc6 $16) 35... Bf8 $16) (34. Nxh3 $142 Qb7 35. Qxf5 Qxb6 36. Ng5) 34... Bf8 35. Qxf5 $2 (35. Nxh3 $18 Ne7 36. b7 Nxc8 37. bxc8=Q) 35... exf4 $16 {[%csl Gh3][%cal Rf3g2]} 36. Qxh3 {Threatens to win with Bc3.} ({But not} 36. Qg5+ $6 Bg7 $11) 36... fxe3 37. Qg2 $2 (37. Qh4 $16) 37... exf2+ $2 {[%mdl 8192]} (37... Qd1 $17 {stays on course.} 38. Kh2 Qxe1 39. fxe3 Qb1) 38. Qxf2 $2 ({Only move:} 38. Bxf2 $18 Qd1+ 39. Qf1) 38... Qxf2+ $4 {[%mdl 8192]} (38... Qb3 $11) 39. Bxf2 $17 {[%mdl 4096] Endgame KB-KB} d5 40. b7 Bd6 41. Bc5 $4 {[%mdl 8192]} (41. Kg2 $18 Bb8 42. Be3) 41... Bxc5+ {Black mates.} 42. Kg2 Bd6 43. Kf3 Kg7 44. Ke3 Kf6 45. Kd4 Ke6 {Accuracy: White = 34%, Black = 29%.} 0-1

[Event "Stay Safe Play From Home"]
[Site "T#646156Emanuel Laske"]
[Date "2020.05.18"]
[Round "6"]
[White "Little champs"]
[Black "Panini-Peter"]
[Result "1-0"]
[WhiteElo "2196"]
[BlackElo "2064"]
[Annotator "TA"]
[PlyCount "97"]
[EventDate "2020.05.18"]
[EventType "swiss (blitz)"]

{[%evp 9,97,27,23,24,29,12,25,18,20,27,30,15,51,9,17,-1,5,0,33,55,36,0,113,-122,0,-58,-69,-162,-164,-161,-50,-68,-76,-139,-140,-118,-24,-260,-258,-254,-239,-694,-689,-630,-309,-297,-297,-292,-285,-272,-278,-405,-325,-429,-308,-429,-403,-420,-316,-305,-302,-1055,-250,-241,-93,-104,-103,-109,-112,-207,-147,-105,-127,-279,-279,-332,-335,-1098,-547,-5193,-281,-274,-247,-361,-143,-272,0,-226,-240,-372]} 1. d4 f5 2. e3 d6 3. Nf3 Nf6 4. Be2 g6 5. O-O Bg7 6. c4 {A80: Dutch Defence: Unusual White second moves.} O-O 7. b3 Qe8 8. Bb2 {White has an edge.} Nc6 9. Nc3 e5 {[#]} 10. d5 $146 ({Predecessor:} 10. dxe5 Nxe5 11. Nxe5 Qxe5 12. Bf3 Rb8 13. Rb1 Qe7 14. Qd3 Bd7 15. Rfd1 Bc6 16. Nd5 {0-1 (58) Hyl,M (1525)-Gabriel,A (2100) Orlova 2012}) 10... Ne7 11. Ng5 h6 12. Ne6 Bxe6 $1 13. dxe6 Qc8 14. Nd5 Re8 15. f4 (15. Rc1 {is more complex.} Ne4 16. Rc2 Nc5 17. f4 Nxe6 18. g4) 15... c6 (15... Nfxd5 $11 {keeps the balance.} 16. cxd5 c6) 16. fxe5 $2 (16. Nxf6+ $16 {is forced if you want to stay better.} Bxf6 17. Qxd6) 16... dxe5 (16... Nfxd5 $17 17. cxd5 Nxd5) 17. Nxe7+ (17. Nxf6+ $11 Bxf6 18. Qd7) 17... Rxe7 $15 18. Bxe5 (18. g4 $15) 18... Qxe6 $19 19. Bd4 b6 (19... Rd8 $1 $19 20. c5 Rxd4 $1 {[%mdl 512]} 21. Qxd4 Nd5) 20. Bf3 Rd8 $36 {[%mdl 2048] And now ...c5 would win. Keeping White busy.} 21. Qc2 (21. Qe1 $142) 21... c5 $17 22. Bxf6 Bxf6 (22... Qxe3+ $17 23. Kh1 Bxf6) 23. Bd5 $2 (23. Rae1 $11 {and White has nothing to worry.}) 23... Rxd5 $19 24. cxd5 Qxe3+ 25. Kh1 $2 (25. Qf2 Bxa1 26. Rxa1) 25... Bxa1 26. d6 Rd7 (26... Re4 $142 27. Qd1 Bd4) 27. Qc4+ Kg7 28. Rxa1 {[%mdl 4096] Endgame [#] KQR-KQR} Qe5 $1 29. Rf1 Rxd6 30. Qh4 (30. h3 $142) 30... g5 31. Qh5 Rd7 32. h3 Rd2 33. Qf3 f4 34. Qb7+ Kg6 35. Qxa7 $2 {[#]} (35. Qc6+ Rd6 36. Qf3) 35... Rd6 $2 (35... f3 $1 {[%mdl 512]} 36. Qxb6+ (36. Rxf3 Rd1+) 36... Kh5 $1 {[%mdl 512]}) 36. Qa8 Qd5 (36... Rd3 $19 {has better winning chances. ...Qe2 is the strong threat.} 37. Qg8+ Kh5 38. Qf7+ Kh4) 37. Qe8+ $17 Qf7 38. Qe4+ Kg7 39. g3 (39. Re1 $17) 39... Rf6 40. gxf4 Rxf4 41. Qe5+ $2 (41. Rxf4 $17 gxf4 42. Qg2+ Kf6 43. Qb2+ Ke7 44. Qe5+ Kd7 45. Kh2) 41... Qf6 $1 $19 {[%cal Rf6e5]} 42. Qc7+ Kg6 43. Rg1 $2 (43. Rxf4 gxf4 44. a3) 43... Rf3 (43... Rf2 $142 {( -> ...Qf3+)} 44. Rg2 Qf3 $1 {[%mdl 512]}) 44. Qh2 Qf4 $2 (44... Qe6 45. Rg4 Kh5) 45. Qxf4 Rxf4 46. Kh2 (46. Rg3 $142) 46... Rf3 $2 (46... Rf2+ $19 47. Kg3 Rxa2) 47. Rg2 (47. Rd1 $17) 47... Rf4 $2 ({Better is} 47... Kf5 $19 {Strongly threatening ...Re3.} 48. Re2 Kf4) 48. Rc2 $2 {[#]} (48. Rg1 $1 $11 {and White is okay.}) 48... Kf5 $1 49. a3 {[%mdl 32768] Accuracy: White = 25%, Black = 42%. . Loss on time!?} (49. a4 $142) 1-0

[Event "Stay Safe Play From Home"]
[Site "T#646156Emanuel Laske"]
[Date "2020.05.18"]
[Round "6"]
[White "Don59as"]
[Black "SoulofWolf"]
[Result "1-0"]
[WhiteElo "2052"]
[BlackElo "2155"]
[Annotator "NA RC"]
[PlyCount "97"]
[EventDate "2020.05.18"]
[EventType "swiss (blitz)"]

1. c4 {[%emt 0:00:02]} e6 {[%emt 0:00:00]} 2. e4 {[%emt 0:00:01]} d5 {[%emt 0:00:00]} 3. cxd5 {[%emt 0:00:00]} exd5 {[%emt 0:00:00]} 4. e5 {[%emt 0:00:00]} Nf6 {[%emt 0:00:00]} 5. Nf3 {[%emt 0:00:00]} Nfd7 {[%emt 0:00:01]} 6. d4 {[%emt 0:00:01]} Be7 {[%emt 0:00:00]} 7. Bd3 {[%emt 0:00:01]} O-O {[%emt 0:00:00]} 8. O-O {[%emt 0:00:01]} f5 {[%emt 0:00:00]} 9. Nc3 {[%emt 0:00:02]} c6 {[%emt 0:00:01]} 10. Bf4 {[%emt 0:00:01]} Re8 {[%emt 0:00:01]} 11. h4 {[%emt 0:00:01]} Nf8 {[%emt 0:00:00]} 12. h5 {[%emt 0:00:01]} Ne6 {[%emt 0:00:00]} 13. Qd2 {[%emt 0:00:02]} Nxf4 {[%emt 0:00:02]} 14. Qxf4 {[%emt 0:00:00]} Rf8 {[%emt 0:00:01]} 15. g3 {[%emt 0:00:02]} h6 {[%emt 0:00:01]} 16. Kg2 {[%emt 0:00:02]} b5 {[%emt 0:00:02]} 17. Rfe1 {[%emt 0:00:02]} a5 {[%emt 0:00:01]} 18. e6 {[%emt 0:00:01]} Rf6 {[%emt 0:00:02]} 19. Bxf5 {[%emt 0:00:01]} Bd6 {[%emt 0:00:12]} 20. Qg4 {[%emt 0:00:04]} Qe7 {[%emt 0:00:02]} 21. Ne5 {[%emt 0:00:03]} Qf8 {[%emt 0:00:08]} 22. e7 {[%emt 0:00:04]} Qe8 {[%emt 0:00:04]} 23. Bxc8 {[%emt 0:00:02]} Na6 {[%emt 0:00:00]} 24. Bxa6 {[%emt 0:00:02]} Rxa6 {[%emt 0:00:00]} 25. Qd7 {[%emt 0:00:03]} Ra8 {[%emt 0:00:01]} 26. Qxe8+ {[%emt 0:00:03]} Rxe8 {[%emt 0:00:00]} 27. Nxc6 {[%emt 0:00:01]} Bc7 {[%emt 0:00:03]} 28. Ne5 {[%emt 0:00:03]} Rxe7 {[%emt 0:00:02]} 29. Nxd5 {[%emt 0:00:01]} Ref7 {[%emt 0:00:04]} 30. Nxf6+ {[%emt 0:00:01]} gxf6 {[%emt 0:00:02]} 31. Ng6 {[%emt 0:00:00]} Kg7 {[%emt 0:00:01]} 32. Re8 {[%emt 0:00:01]} Bd6 {[%emt 0:00:01]} 33. Rae1 {[%emt 0:00:02]} b4 {[%emt 0:00:00]} 34. R1e6 {[%emt 0:00:00]} Bc5 {[%emt 0:00:01]} 35. d5 {[%emt 0:00:00]} Bd6 {[%emt 0:00:00]} 36. Rxd6 {[%emt 0:00:01]} f5 {[%emt 0:00:00]} 37. Rdd8 {[%emt 0:00:00]} f4 {[%emt 0:00:00]} 38. Rg8+ {[%emt 0:00:01]} Kf6 {[%emt 0:00:00]} 39. Rd6+ {[%emt 0:00:01]} Kg5 {[%emt 0:00:00]} 40. Ne5+ {[%emt 0:00:01]} Kf5 {[%emt 0:00:01]} 41. Nf3 {[%emt 0:00:00]} Ke4 {[%emt 0:00:00]} 42. Re6+ {[%emt 0:00:01]} Kd3 {[%emt 0:00:00]} 43. Rd8 {[%emt 0:00:01]} Rf5 {[%emt 0:00:00]} 44. d6 {[%emt 0:00:00]} Kc4 {[%emt 0:00:00]} 45. d7 {[%emt 0:00:00]} Rd5 {[%emt 0:00:01]} 46. Rc8+ {[%emt 0:00:00]} Rc5 {[%emt 0:00:01]} 47. d8=Q {[%emt 0:00:00]} Rxc8 {[%emt 0:00:01]} 48. Qxc8+ {[%emt 0:00:00]} Kb5 {[%emt 0:00:00]} 49. Qc6# {[%emt 0:00:01] (Lag: Av=0.45s, max=0.9s)} 1-0

[Event "Stay Safe Play From Home"]
[Site "T#646156Emanuel Laske"]
[Date "2020.05.18"]
[Round "6"]
[White "Lazieri3"]
[Black "matanant"]
[Result "1-0"]
[WhiteElo "2052"]
[BlackElo "1598"]
[Annotator "TA"]
[PlyCount "43"]
[EventDate "2020.05.18"]
[EventType "swiss (blitz)"]

{[%evp 9,43,18,24,19,20,36,39,16,56,50,51,54,43,24,135,29,167,145,333,332,1651,1638,1610,1590,1546,1514,29999,1388,1300,1057,1035,963,1082,943,1108,1097]} 1. e4 e5 2. Nc3 d5 3. Nf3 c6 4. d4 exd4 5. Nxd4 dxe4 6. Nxe4 {aiming for Qe2. C25: Vienna Game: Alternatives to 2...Nf6.} Nf6 7. Nxf6+ Qxf6 8. Be3 {White is slightly better.} Bd6 {[#]} 9. Qd2 $146 ({Predecessor:} 9. Bd3 Nd7 10. O-O Ne5 11. f4 Ng4 12. Qf3 O-O 13. Rae1 Bc5 14. c3 Nxe3 15. Qxe3 {½-½ (25) Powles,J-Polidori,L CServe email 1995}) 9... O-O 10. O-O-O $1 Be5 11. Bc4 Rd8 (11... h6 $11) 12. c3 (12. Bg5 $16 Rxd4 13. Bxf6 Rxd2 14. Bxe5 Rxd1+ 15. Rxd1) 12... c5 (12... h6 $1 $11 {and Black stays safe.} 13. Qc2 Bg4) 13. Bg5 $40 {[%mdl 192] [#] Skewer. White is out for blood.} Qb6 $2 (13... Qd6 $16 {might work better.}) 14. Bxd8 cxd4 $2 (14... Qxd8 15. Rhe1 cxd4) 15. Bxb6 axb6 16. cxd4 Bf6 17. Rhe1 {[%cal Re1e8] [#]} Bf5 18. a3 (18. Re8# $142) 18... Nc6 {[%cal Bb8c6,Bc6d4,Bd4e2][%mdl 32] White is clearly winning.} 19. Bd5 Nxd4 20. Qb4 Bg5+ 21. Re3 Ne2+ 22. Kd2 {White took control after the opening. Accuracy: White = 78%, Black = 26%.} 1-0

[Event "Stay Safe Play From Home"]
[Site "T#646156Emanuel Laske"]
[Date "2020.05.18"]
[Round "6"]
[White "Haxhi Baha"]
[Black "Tobo Rubirosa"]
[Result "1-0"]
[WhiteElo "1945"]
[BlackElo "1576"]
[Annotator "TA"]
[PlyCount "61"]
[EventDate "2020.05.18"]
[EventType "swiss (blitz)"]

{[%evp 12,61,18,16,8,-26,-15,-21,148,140,223,-84,-90,-80,-2,-122,-132,-346,255,-47,-6,8,283,268,332,175,612,0,0,-15,154,167,260,241,237,238,626,641,700,673,1102,800,857,852,809,796,735,462,816,781,858,837]} 1. e4 c5 2. Nf3 d6 3. d4 cxd4 4. Nxd4 Nf6 5. Nc3 a6 6. f4 e5 7. Nb3 Be7 {B93: Sicilian Najdorf: 6 f4.} 8. f5 O-O {[#]} 9. Bg5 $146 ({Predecessor:} 9. Be3 b5 10. a3 Bb7 11. Bd3 Nbd7 12. O-O Nb6 13. Qf3 d5 14. exd5 Nbxd5 15. Be4 Nxe3 16. Qxe3 Bxe4 17. Nxe4 Nxe4 18. Qxe4 {1-0 (41) Flach,K (1699)-Boeira,D (1800) Lacerdapolis 2012}) 9... Nxe4 $2 {[#]} (9... b5 $11) 10. Bxe7 $16 Nxc3 (10... Qxe7 $16 {keeps fighting.} 11. Nxe4 Bxf5) 11. Bxd8 $2 (11. Qxd6 $18 Qxd6 12. Bxd6) 11... Nxd1 $17 12. Be7 Re8 (12... Ne3 $17 13. Bxf8 Nxc2+ {[%mdl 64] Double Attack} 14. Kf2 Nxa1 15. Bxd6 Nxb3 16. axb3 Bxf5 17. Bxe5 Nd7) 13. Bxd6 (13. Rxd1 $11 Rxe7 14. Rxd6) 13... Ne3 14. Bd3 $2 (14. Kf2 $17 {was worth a try.} Nxc2 15. Rd1) 14... b5 $4 {[%mdl 8192]} ({Not} 14... Bxf5 15. Bxf5 Nxf5 16. O-O-O $17) (14... Nxg2+ 15. Kf2 $17) ({Weaker is} 14... Nxf5 15. Bc5 $17) (14... e4 $19 {avoids the disaster.} 15. Be2 Nxc2+ 16. Kf2 Nxa1 17. Rxa1 Bxf5) 15. Kd2 $2 (15. Be4 $18) 15... Nxf5 16. Be4 $36 {[%mdl 2048] [#] Black must now prevent Bc5. White is more active.} Ra7 $2 {[%mdl 8192]} (16... Bb7 $1 $11 17. Bxf5 (17. Bxb7 Ra7 $11) 17... Rd8) 17. Bxb8 $18 Rd7+ 18. Ke2 (18. Kc1 $142 Nd4 19. Nc5) 18... Bb7 $2 (18... Nd4+ 19. Kf2 f5) 19. Bxb7 $2 (19. Bxf5 $18 Rd4 20. Nxd4 exd4+ 21. Kd3 Rxb8 22. Be4) 19... Rxb7 $11 20. g4 Nh6 $2 (20... Nd4+ $11 21. Nxd4 exd4+ 22. Kd3 Rexb8) 21. Bd6 $16 Rd7 (21... Nxg4 $142 22. h3 Nh6) 22. Rad1 Nxg4 23. Nc5 Rxd6 $2 (23... Ra7 24. Ne4 f5) 24. Rxd6 $18 {White is clearly winning.} Nf6 25. Rhd1 g6 26. Rd8 Rxd8 27. Rxd8+ Kg7 28. Nd7 Ng4 29. Nf8 Kf6 (29... Nxh2 $142 30. Nd7 e4) 30. Nxh7+ Kf5 31. Rf8 {Accuracy: White = 30%, Black = 11%.} 1-0

[Event "Stay Safe Play From Home"]
[Site "T#646156Emanuel Laske"]
[Date "2020.05.18"]
[Round "6"]
[White "Lucknow"]
[Black "Tavares"]
[Result "0-1"]
[WhiteElo "1854"]
[BlackElo "1674"]
[Annotator "NA RC"]
[PlyCount "44"]
[EventDate "2020.05.18"]
[EventType "swiss (blitz)"]

1. d4 {[%emt 0:00:01]} f5 {[%emt 0:00:03]} 2. e3 {[%emt 0:00:00]} Nf6 {[%emt 0:00:01]} 3. g3 {[%emt 0:00:01]} e6 {[%emt 0:00:00]} 4. Bg2 {[%emt 0:00:01]} Be7 {[%emt 0:00:02]} 5. Nf3 {[%emt 0:00:00]} O-O {[%emt 0:00:00]} 6. O-O {[%emt 0:00:00]} d6 {[%emt 0:00:01]} 7. c4 {[%emt 0:00:00]} Nc6 {[%emt 0:00:01]} 8. Nc3 {[%emt 0:00:00]} Qe8 {[%emt 0:00:01]} 9. Qc2 {[%emt 0:00:01]} Qh5 {[%emt 0:00:01]} 10. a3 {[%emt 0:00:01]} e5 {[%emt 0:00:03]} 11. d5 {[%emt 0:00:01]} Nd8 {[%emt 0:00:03]} 12. e4 {[%emt 0:00:01]} Nf7 {[%emt 0:00:02]} 13. Re1 {[%emt 0:00:04]} f4 {[%emt 0:00:02]} 14. Ne2 {[%emt 0:00:04]} Bg4 {[%emt 0:00:02]} 15. Qc3 {[%emt 0:00:03]} Nxe4 {[%emt 0:00:07]} 16. Qd3 {[%emt 0:00:01]} Nf6 {[%emt 0:00:02]} 17. Nd2 {[%emt 0:00:03]} Ng5 {[%emt 0:00:03]} 18. f3 {[%emt 0:00:03]} fxg3 {[%emt 0:00:04]} 19. hxg3 {[%emt 0:00:04]} Nh3+ {[%emt 0:00:02]} 20. Kf1 {[%emt 0:00:04]} Ng5 {[%emt 0:00:02]} 21. fxg4 {[%emt 0:00:02]} Nxg4+ {[%emt 0:00:00]} 22. Kg1 {[%emt 0:00:01]} Qh2# {[%emt 0:00:02] (Lag: Av=0.49s, max=0.7s)} 0-1

[Event "Stay Safe Play From Home"]
[Site "T#646156Emanuel Laske"]
[Date "2020.05.18"]
[Round "6"]
[White "Trotsky"]
[Black "Greblah"]
[Result "0-1"]
[WhiteElo "1582"]
[BlackElo "1847"]
[Annotator "NA RC"]
[PlyCount "58"]
[EventDate "2020.05.18"]
[EventType "swiss (blitz)"]

1. d4 {[%emt 0:00:07]} c6 {[%emt 0:00:00]} 2. e3 {[%emt 0:00:00]} d5 {[%emt 0:00:00]} 3. c4 {[%emt 0:00:01]} Nf6 {[%emt 0:00:01]} 4. Nc3 {[%emt 0:00:01]} e6 {[%emt 0:00:01]} 5. Nf3 {[%emt 0:00:01]} Be7 {[%emt 0:00:00]} 6. Bd3 {[%emt 0:00:01]} O-O {[%emt 0:00:00]} 7. c5 {[%emt 0:00:00]} Nbd7 {[%emt 0:00:01]} 8. Qc2 {[%emt 0:00:01]} g6 {[%emt 0:00:02]} 9. Ng5 {[%emt 0:00:01]} Re8 {[%emt 0:00:03]} 10. h4 {[%emt 0:00:01]} Nf8 {[%emt 0:00:01]} 11. h5 {[%emt 0:00:01]} Nxh5 {[%emt 0:00:01]} 12. Rxh5 {[%emt 0:00:03]} Bxg5 {[%emt 0:00:01]} 13. Bd2 {[%emt 0:00:03]} gxh5 {[%emt 0:00:02]} 14. O-O-O {[%emt 0:00:03]} Ng6 {[%emt 0:00:01]} 15. Rh1 {[%emt 0:00:02]} h4 {[%emt 0:00:01]} 16. g3 {[%emt 0:00:02]} hxg3 {[%emt 0:00:01]} 17. Rxh7 {[%emt 0:00:03]} Kxh7 {[%emt 0:00:01]} 18. e4 {[%emt 0:00:03]} Bxd2+ {[%emt 0:00:02]} 19. Kxd2 {[%emt 0:00:01]} dxe4 {[%emt 0:00:01]} 20. Nxe4 {[%emt 0:00:01]} Kg7 {[%emt 0:00:02]} 21. Kc3 {[%emt 0:00:02]} e5 {[%emt 0:00:02]} 22. Nxg3 {[%emt 0:00:02]} Qxd4+ {[%emt 0:00:04]} 23. Kd2 {[%emt 0:00:03]} e4 {[%emt 0:00:02]} 24. Nh5+ {[%emt 0:00:05]} Kf8 {[%emt 0:00:04]} 25. Qb3 {[%emt 0:00:08]} Qxd3+ {[%emt 0:00:02]} 26. Qxd3 {[%emt 0:00:02]} exd3 {[%emt 0:00:00]} 27. Kxd3 {[%emt 0:00:01]} Bf5+ {[%emt 0:00:01]} 28. Kc4 {[%emt 0:00:01]} Rad8 {[%emt 0:00:01]} 29. Ng3 {[%emt 0:00:01]} Be6+ {[%emt 0:00:00] Âðåìÿ (Lag: Av=0.22s, max=0.6s) .} 0-1

[Event "Stay Safe Play From Home"]
[Site "T#646156Emanuel Laske"]
[Date "2020.05.18"]
[Round "7"]
[White "Lamborghini"]
[Black "Lazieri3"]
[Result "1-0"]
[WhiteElo "2320"]
[BlackElo "2054"]
[Annotator "TA"]
[PlyCount "133"]
[EventDate "2020.05.18"]
[EventType "swiss (blitz)"]

{[%evp 9,132,8,17,-15,39,40,79,0,54,-76,0,-50,83,0,0,0,0,0,-25,-42,52,37,179,183,240,210,223,216,370,159,935,935,1014,254,530,487,427,192,300,283,353,328,381,375,380,366,360,357,380,250,537,204,643,666,624,627,953,945,1581,1460,1375,1300,3002,2244,2112,1962,1793,1721,29976,29977,5122,1231,6187,6069,5513,5385,29987,781,886,0,29992,-273,-278,-273,-105,-572,-562,-550,-525,-753,-403,-397,0,0,0,0,0,0,29960,29966,29978,29981,29984,29985,29987,29987,29988,29989,29989,29990,29991,29992,29993,29994,29994,29994,29994,29995,29995,29996,29997,29996,29997,29998,29999]} 1. e4 c6 2. d3 d5 3. Nd2 dxe4 4. dxe4 Nf6 5. e5 Nd5 $1 {[#]} 6. h3 $146 {B10: Caro-Kann: 2 d3 and 2 c4.} ({Predecessor:} 6. g3 Nd7 7. Ngf3 N7b6 8. Bg2 Bg4 9. h3 Bh5 10. O-O e6 11. Qe1 Be7 12. Ne4 h6 {1-0 (78) Laurindo,U-Mezzon,J (1602) Timbo 2019}) 6... e6 (6... Bf5 $11 7. Nc4 Nd7) 7. Ngf3 $14 b6 8. Bd3 (8. Ne4 $16) 8... Ba6 (8... Nf4 $11) 9. c4 (9. Ne4 $14 {keeps the upper hand.}) 9... Nb4 (9... Ne3 $17 10. fxe3 Qxd3 {[%mdl 64] Double Attack}) 10. Be4 Bb7 (10... Nd3+ $15 {stays ahead.} 11. Bxd3 Qxd3) 11. a3 ({White should try} 11. Qe2 $16) 11... Nd3+ $11 12. Ke2 Nxc1+ 13. Rxc1 Nd7 14. Qc2 Nc5 (14... g6 $15) 15. Rhd1 Nxe4 (15... Qc7 $14) 16. Nxe4 $18 (16. Qxe4 $6 Qc7 $14) 16... Qc7 (16... Qc8 {might work better.} 17. c5 Ba6+ 18. Ke3 bxc5 19. Nxc5 Be7) 17. Nd6+ $1 Bxd6 18. exd6 ({Don't play} 18. Rxd6 $6 h6 $16) 18... Qd7 $2 (18... Qb8 19. d7+ Ke7) 19. c5 (19. Ne5 $18 Qd8 20. d7+ Kf8 21. Qe4) 19... bxc5 $2 (19... f6 $16 20. Kf1 O-O) 20. Ne5 Qd8 21. Qxc5 $2 (21. d7+ Kf8 22. Qxc5+ Kg8 23. Nxc6 Bxc6 24. Qxc6) 21... Ba6+ $2 (21... O-O 22. Kf1 (22. Nxc6 Qf6 $18) 22... f6) 22. Ke1 {White threatens d7+ and mate.} O-O {If only Black now had time for ...Qg5....} 23. f4 (23. Nxc6 $142 Qd7 24. Qa5) 23... Qh4+ (23... Bb5 $142 24. d7 (24. Nxc6 Bxc6 25. Qxc6 Qh4+ 26. Ke2 Qxf4 $16) 24... Qh4+ 25. Qf2 Qxf2+ 26. Kxf2 Rfd8) 24. Qf2 Qxf2+ 25. Kxf2 Bb7 26. Nd7 Rfd8 {[#]} 27. Nc5 $1 {[%cal Rc5b7]} Rab8 28. b4 Bc8 29. Rd2 f6 $2 (29... Bd7 {was necessary.} 30. Nxd7 Rxd7 31. Rxc6 g6) 30. Rcd1 $2 (30. d7) 30... Kf7 $2 (30... Bd7 31. Rc1 Kf7) 31. d7 Bb7 32. Rd6 a5 33. bxa5 Ke7 34. Rxe6+ Kf7 35. f5 Bc8 36. dxc8=Q Rbxc8 37. Rxd8 Rxd8 38. Rxc6 {[%mdl 4096] Endgame KRN-KR} Rd2+ 39. Ke3 Ra2 40. Ne6 Ke7 41. Rc7+ Kd6 42. Rc3 {White wants to mate with a6.} Ke5 43. Rc5+ (43. a6 $142 Rxg2 44. a7 Rg3+ 45. Kd2 Rxc3 46. Kxc3 Kxf5 47. Nd4+ Kf4 48. a8=Q) 43... Kd6 44. Rc3 $2 (44. Kf3 $18) 44... Rxa3 $2 {[%mdl 8192]} (44... Ke5 $11 45. a6 Rxg2) 45. Kf3 $4 {[%mdl 8192]} (45. Rxa3 {mates} g6 46. a6 gxf5 47. Nf4 Kd7 48. a7 h5 49. a8=Q Kd6 50. Ra6+ Ke7 51. Qb7+ Kf8 52. Ra8#) 45... Rxc3+ $19 {KR-KN} 46. Ke4 Ra3 $2 (46... g5 $19 {has better winning chances. Strongly threatening ...Rc4+.} 47. Kd4 Rb3) 47. Nd4 $2 {[%mdl 8192]} (47. Nxg7 $17 Ra4+ 48. Kf3) 47... Ra4 48. Kd3 Rxa5 49. g4 Rd5 50. Ke4 Rxd4+ $2 ({Black should play} 50... Re5+ $19 51. Kf4 Ra5) 51. Kxd4 {K3P-K3P} Ke7 52. Ke4 Kf7 53. Kd4 g6 $2 {[%mdl 8192] [#]} (53... Ke7 $11) 54. Kd5 $1 {[%cal Rd5d6] White mates.} gxf5 55. gxf5 {KPP-KPP} Kg7 56. Ke6 Kh6 57. Kxf6 {KPP-KP} Kh5 58. Ke6 Kg5 59. f6 h5 60. f7 Kh4 61. f8=Q Kxh3 62. Qf5+ Kh2 63. Ke5 h4 64. Qg6 h3 65. Ke4 Kh1 66. Kf3 h2 67. Qg2# {Never resign too early! Accuracy: White = 54%, Black = 24%.} 1-0